| 000 | 00000nam##2200000za#4500 |
| 001 | 9.641302 |
| 003 | CaOODSP |
| 005 | 20210624223138 |
| 007 | cr ||||||||||| |
| 008 | 150407|2005||||xxc|||||o f|0| 0 fre|d |
| 040 | |aCaOODSP|bfre |
| 043 | |an-cn--- |
| 086 | 1 |aM114-33/2005F-PDF |
| 110 | 1 |aCanada. |bRessources naturelles Canada. |
| 245 | 13|aLa diffusion des données géographiques gouvernementales : |h[ressource électronique]|bguide des pratiques exemplaires / |c[par] Tim Werschler et Julie Rancourt. |
| 250 | |aVersion 1.2 |
| 260 | |aOttawa - Ontario : |bRessources naturelles Canada |cHiver 2005. |
| 300 | |a118p.|bfigures, graphiques, organigrammes, références, tableaux |
| 590 | |a13-03-Supp|b2013-02-11 |
| 691 | 07|aServices gouvernementaux|2gcpds |
| 691 | 07|aSystème d'information géographique|2gcpds |
| 775 | 08|tThe dissemination of government geographic data in Canada : |w(CaOODSP)9.697241 |
| 856 | 40|ahttp://publications.gc.ca|qPDF|s641 Ko|uhttps://publications.gc.ca/collections/collection_2013/rncan-nrcan/M114-33-2005-fra.pdf |